000 00738nam a2200253 a 4500
999 _c12484
_d12484
001 12484
003 BD-JhCC
005 20220817134023.0
008 220305s2010 xxua|||| |||| 000 0 eng d
020 _a9786035000611
035 _a(BD-JhCC)12484
040 _aBD-JhCC
_dBD-JhCC
041 _aeng
082 _a214.61
_bAHM 2010
100 _aAhmad, Yusuf Al-Hajj
245 _aIslamic medicine :
_bthe key to a better life /
_cYusuf Al-Hajj Ahmad tr. Nasirudin al Khattab and ed. Huda Khattab
260 _aRiyadh :
_bDarussalam,
_c2010.
300 _a417 p. :
_bcolor page
_c24 cm.
650 _aIslam Medicine
650 _aMedicine, Arab
700 _a Al Khattab, Nasirudin
700 _aKhattab, Huda
942 _2ddc
_cBK
_03